Estudio y Diseño del Sistema de Agua Potable para la Comunidad La Panamá, del Municipio de Bonanza, RAN
Este documento está enfocado a describir el aspecto técnicos relacionados con el estudio y diseño del sistema de abastecimiento de agua, el cual consiste en la construcción de un Mini-Acueducto por gravedad (MAG). Abarca uno de los aspectos constructivos del sistema a ejecutarse, el que debe cum...
| Main Author: | |
|---|---|
| Other Authors: | |
| Format: | Tesis Section = Libro |
| Language: | Undetermined Spanish |
| Published: |
Managua
UNI
2003
|
| Subjects: |
| LEADER | 01138nam a2200229Ia 4500 | ||
|---|---|---|---|
| 008 | 240830s9999 xx 000 0 und d | ||
| 040 | |a BIBLIOTECA-RUPAP Mon 628.72 M744 | ||
| 041 | |a spa | ||
| 082 | |a Mon 628.72 M744 | ||
| 100 | 1 | |a Monjarrez Arias, José Benito | |
| 245 | 1 | 0 | |a Estudio y Diseño del Sistema de Agua Potable para la Comunidad La Panamá, del Municipio de Bonanza, RAN |
| 260 | |a Managua |b UNI |c 2003 | ||
| 300 | |a 179 p. :il. | ||
| 500 | |a Contiene: anexos. | ||
| 502 | |a Tesis (Ingeniero Civil)- UNI, 2003. | ||
| 520 | 3 | |a Este documento está enfocado a describir el aspecto técnicos relacionados con el estudio y diseño del sistema de abastecimiento de agua, el cual consiste en la construcción de un Mini-Acueducto por gravedad (MAG). Abarca uno de los aspectos constructivos del sistema a ejecutarse, el que debe cumplir con determinadas normas establecidas por la gerencia de acueductos rurales (GAR) de ENACAL. | |
| 650 | 7 | |a ABASTECIMIENTO DE AGUA | |
| 650 | 7 | |b AGUA POTABLE - COMUNIDAD LA PANAMA - BONANZA | |
| 700 | 1 | |a Tutor: |b Lanza Mejía, Nestor Javier | |
| 942 | |c BK |2 ddc | ||
| 991 | |a TESIS | ||
| 999 | |c 16548 | ||